00358 2200145 4500001002100000005001500021035002000036245006500056100002000121300000800141260002900149082000800178084001400186990001200200INLIS00000000000220820250527013749 a0010-05250005001 aKebebasan Pengarang dan Masalah Tanah Air /cIwan Simatupang0 aIwan Simatupang a388 aJakarta :bKompas,c2004 a813 a813 IWA k a0712547